Metal cladding for roofs and walls - will it meet your needs? (Record no. 8972)

MARC details
000 -LEADER
fixed length control field 00815cab a2200193 4500
001 - CONTROL NUMBER
control field ABS39028
008 - FIXED-LENGTH DATA ELEMENTS--GENERAL INFORMATION
fixed length control field 090401t1988 xxu||||| |||| 00| 0 eng d
035 ## - SYSTEM CONTROL NUMBER
System control number (Sirsi) u13889
041 ## - LANGUAGE CODE
Language code of text/sound track or separate title eng
100 ## - MAIN ENTRY--PERSONAL NAME
Personal name Howell, D.M.
245 ## - TITLE STATEMENT
Title Metal cladding for roofs and walls - will it meet your needs?
260 ## - PUBLICATION, DISTRIBUTION, ETC.
Date of publication, distribution, etc. 1988
350 ## - PRICE (NR) (BK AM CF MU VM SE) [OBSOLETE]
Price 0
490 ## - SERIES STATEMENT
Series statement Construction & Building Materials
Volume/sequential designation 2(1) March 1988, 10-15(6)
520 ## - SUMMARY, ETC.
Summary, etc. A brief history of the development of metal cladding systems with a description of current techniques for manufacture. Matters which affect performance are discussed and guidance is given to the specifier on selection of materials. A summary of test results is given. References. (Journal Abstract).
690 ## - LOCAL SUBJECT ADDED ENTRY--TOPICAL TERM (OCLC, RLIN)
Topical term or geographic name as entry element BUILT ENVIRONMENT-BUILDING MATERIALS
942 ## - ADDED ENTRY ELEMENTS (KOHA)
Suppress in OPAC 0
948 ## - LOCAL PROCESSING INFORMATION (OCLC); SERIES PART DESIGNATOR (RLIN)
c (OCLC) 04/03/1997
Holdings
Withdrawn status Lost status Source of classification or shelving scheme Damaged status Not for loan Home library Current library Shelving location Date acquired Total Checkouts Full call number Barcode Date last seen Copy number Price effective from Koha item type
    Dewey Decimal Classification     London London Journal article 14/09/1999   ABS39028 13889-1001 06/08/2019 1 06/08/2019 Journal article